How children learn language / (Record no. 557)

000 -LEADER
fixed length control field 01164cam a2200289 a 4500
001 - CONTROL NUMBER
control field 13561140
003 - CONTROL NUMBER IDENTIFIER
control field OSt
005 - DATE AND TIME OF LATEST TRANSACTION
control field 20140116120831.0
008 - FIXED-LENGTH DATA ELEMENTS--GENERAL INFORMATION
fixed length control field 040416s2005 enk b 001 0 eng
010 ## - LIBRARY OF CONGRESS CONTROL NUMBER
LC control number 2004049663
020 ## - INTERNATIONAL STANDARD BOOK NUMBER
International Standard Book Number 9780521531924
040 ## - CATALOGING SOURCE
Transcribing agency DLC
Modifying agency DLC
050 00 - LIBRARY OF CONGRESS CALL NUMBER
Classification number P118.O37 2005
100 1# - MAIN ENTRY--PERSONAL NAME
Personal name O'Grady, William.
245 10 - TITLE STATEMENT
Title How children learn language /
Statement of responsibility, etc William O'Grady.
260 ## - PUBLICATION, DISTRIBUTION, ETC. (IMPRINT)
Place of publication, distribution, etc Cambridge :
Name of publisher, distributor, etc Cambridge University Press,
Date of publication, distribution, etc 2005.
300 ## - PHYSICAL DESCRIPTION
Extent viii, 240 p. :
Other physical details ill.
440 #0 - SERIES STATEMENT/ADDED ENTRY--TITLE
Title Cambridge approaches to linguistics
504 ## - BIBLIOGRAPHY, ETC. NOTE
Bibliography, etc Includes bibliographical references and index.
650 #0 - SUBJECT ADDED ENTRY--TOPICAL TERM
Topical term or geographic name as entry element Language acquisition.
856 41 - ELECTRONIC LOCATION AND ACCESS
Materials specified Table of contents
Uniform Resource Identifier <a href="http://www.loc.gov/catdir/toc/cam051/2004049663.html">http://www.loc.gov/catdir/toc/cam051/2004049663.html</a>
856 42 - ELECTRONIC LOCATION AND ACCESS
Materials specified Publisher description
Uniform Resource Identifier <a href="http://www.loc.gov/catdir/description/cam041/2004049663.html">http://www.loc.gov/catdir/description/cam041/2004049663.html</a>
856 42 - ELECTRONIC LOCATION AND ACCESS
Materials specified Contributor biographical information
Uniform Resource Identifier <a href="http://www.loc.gov/catdir/enhancements/fy0732/2004049663-b.html">http://www.loc.gov/catdir/enhancements/fy0732/2004049663-b.html</a>
906 ## - LOCAL DATA ELEMENT F, LDF (RLIN)
a 7
b cbc
c orignew
d 1
e ocip
f 20
g y-gencatlg
942 ## - ADDED ENTRY ELEMENTS (KOHA)
Source of classification or shelving scheme
Koha item type Book
Holdings
Withdrawn status Lost status Source of classification or shelving scheme Damaged status Not for loan Home library Current library Date acquired Source of acquisition Total Checkouts Full call number Barcode Date last seen Date checked out Copy number Price effective from Koha item type Total Renewals
          Riara University Library Riara University Library 24/10/2011 Purchase 7 P118.O37 2005 1710/11 07/03/2017 24/02/2017 C.1 24/10/2011 Book  
          Riara University Library Riara University Library 24/10/2011 Purchase 3 P118.O37 2005 1709/11 13/02/2024 25/01/2024 C.2 24/10/2011 Book 1
          Riara University Library Riara University Library 24/10/2011 Purchase 3 P118.O37 2005 1711/11 11/03/2017 24/02/2017 C.3 24/10/2011 Book  

Riara University Library,
P.O. Box 49940-00100,
Nairobi, Kenya.